000 00388 a2200169 4500
001 189124
020 _a85-16-05276-1
040 _cMagnum
100 _aPeruzzo, Tito Maragaia
240 1 0 _aQuímica na abordagem do cotidiano 3
_lpor
245 1 0 _aQuímica na abordagem do cotidiano 3
300 _a607
362 0 _a2006
440 1 _aModerna
697 _aQUÍMICA
942 _cBK
999 _c189124
_d189124